| 000 | 00673nam a22002057a 4500 | ||
|---|---|---|---|
| 999 |
_c20452 _d20452 |
||
| 003 | AR-CdUCM | ||
| 008 | 190530b ||||| |||| 00| 0swe d | ||
| 040 |
_aMUNICIPALIDAD PROVINCIAL DEL CUSCO _cBIBLIOTECA MUNICIPAL DEL CUSCO |
||
| 082 |
_a890 / _bH87 |
||
| 100 |
_aHedin, Ingegerd _942768 |
||
| 245 | _aDet fanns dar bara / | ||
| 260 |
_aSueco : _bUlla stenberg |
||
| 300 |
_a64 páginas ; _c21 cm. |
||
| 500 | _a[libro reempastado] libro en sueco | ||
| 505 | _aContenido: Las tendencias, la publicidad -- Confesión del poeta -- En el centro T... | ||
| 650 |
_aLiteratura Sueca _910509 |
||
| 650 |
_aLiteratura europea _9894 |
||
| 942 |
_2ddc _cLIBROS |
||
| 945 | _aAndy | ||